| 000 | 00945nam a2200253Ii 4500 | ||
|---|---|---|---|
| 008 | 221202s xx 000 0 und d | ||
| 245 | 0 | _aGendered Wars, Gendered Memories | |
| 246 | _aFeminist Conversations on War, Genocide and Political Violence | ||
| 264 |
_bTaylor & Francis _c2016 |
||
| 300 | _a1 online resource | ||
| 336 |
_atext _btxt _2rdacontent |
||
| 337 |
_acomputer _bc _2rdamedia |
||
| 338 |
_aonline resource _bcr _2rdacarrier |
||
| 520 | _asexual; violence; gender; memory; war; genocide; conflict; militarization; feminist; creativity; women; military; | ||
| 653 | _a Gender | ||
| 653 | _a Memory | ||
| 653 | _a Violence | ||
| 653 | _a War | ||
| 653 | _aSexual | ||
| 700 | 1 | _aGül Altınay, Ayşe | |
| 700 | 1 | _aPető, Andrea | |
| 856 |
_uhttps://docs.google.com/spreadsheets/d/1yKIrdCPDAG_9c22mwoOIO2DOhtj65Wqa/edit?usp=sharing&ouid=106555315294820607512&rtpof=true&sd=true _yList of Curated E-Books |
||
| 942 | _cE-BOOK | ||
| 999 |
_c93792 _d93789 |
||